Top 10 - Nombra los países del mundo con la mejor cocina - Estadísticas

Estadísticas generales
  • Esta prueba ha sido intentada 94 veces
  • La puntuación promedio es 8 de 10
Estadísticas de respuestas
Respuesta % Correcto
Italia
100%
España
98%
Francia
94%
Japón
94%
México
93%
China
90%
Grecia
79%
Perú
62%
Portugal
53%
Indonesia
22%
No se encontraron pruebas coincidentes
Distribución de puntuación
Porcentaje de gente con cada puntuación
Porcentaje por número respondido
Historial de tus puntuaciones
No has intentado esta prueba.